Missing Word: Career-Launching Movies Quiz Stats

 Plays Quiz Updated Jan 11, 2013

     
Support Sporcle.
Go Orange.
Score 0/28 Timer 05:00
0 Plays Today
% Correct
Ford
96.8%
Cage
84.6%
Penn
79.7%
Estevez
79.2%
Leigh
73%
Howard
72.1%
Cruise
67.2%
Lowe
63.4%
Dillon
62.5%
Whitaker
62.2%
Cates
59.5%
Bacon
59.1%
Reinhold
57.5%
Lane
57.4%
% Correct
Rourke
56.5%
Swayze
54.7%
Phillips
50.8%
Dreyfuss
48.9%
Macchio
46.8%
Howell
46.4%
Somers
44.1%
Williams
30.1%
Stoltz
25.9%
Edwards
22.6%
Stern
20.4%
Guttenberg
19.6%
Reiser
18%
Daly
14.3%

Today's Daily Dose

Get the Picture
Alien TV Shows

From the Vault

Pants or No Pants?

by MrChewypoo

When it comes to cartoon characters, how do they decide who gets to wear pants?
Remove Ads.
Support Sporcle.
Get the best of Sporcle when you Go Orange. This ad-free experience offers more features, more stats, and more fun while also helping to support Sporcle. Thank you for becoming a member.

Show Comments

Extras

Top Quizzes Today


Score Distribution

Your Account Isn't Verified!

In order to create a playlist on Sporcle, you need to verify the email address you used during registration. Go to your Sporcle Settings to finish the process.

Report this User

Report this user for behavior that violates our Community Guidelines.

Details: